000 002650000a22001090004500
090 _aAR
_b04606
100 1 _aRico Gray, Victor
_994796
245 1 0 _aAnts and tropical flowers
041 0 _aInglés
942 _cARTICULO
773 1 _tBiotropica
_h3
_q223-224 p.
_d1980
_g12
999 _c13706
_d13706